Sports Quiz

Random Sports or Decade Quiz

MLB Single Season HR Leaders by Decade Quiz Stats

 Plays Quiz Updated May 23, 2016

Challenge
Share
Tweet
Embed
Score 0/195 Timer 16:00
0 Plays Today
Player % Correct
Barry Bonds
98%
Barry Bonds
98%
Sammy Sosa
96.1%
Sammy Sosa
96.1%
Sammy Sosa
96.1%
Sammy Sosa
96.1%
Sammy Sosa
96.1%
Mark McGwire
94.5%
Mark McGwire
94.5%
Mark McGwire
94.5%
Mark McGwire
94.5%
Mark McGwire
94.5%
Babe Ruth
92.9%
Babe Ruth
92.9%
Babe Ruth
92.9%
Babe Ruth
92.9%
Babe Ruth
92.9%
Babe Ruth
92.9%
Babe Ruth
92.9%
Babe Ruth
92.9%
Babe Ruth
92.9%
Babe Ruth
92.9%
Babe Ruth
92.9%
Babe Ruth
92.9%
Alex Rodriguez
89.2%
Alex Rodriguez
89.2%
Alex Rodriguez
89.2%
Alex Rodriguez
89.2%
Mickey Mantle
85.9%
Mickey Mantle
85.9%
Mickey Mantle
85.9%
Ken Griffey Jr.
84.2%
Ken Griffey Jr.
84.2%
Ken Griffey Jr.
84.2%
Ken Griffey Jr.
84.2%
Hank Aaron
82.2%
Hank Aaron
82.2%
Hank Aaron
82.2%
Hank Aaron
82.2%
Hank Aaron
82.2%
Hank Aaron
82.2%
Hank Aaron
82.2%
Ted Williams
81.6%
Ted Williams
81.6%
Ted Williams
81.6%
Ted Williams
81.6%
Billy Williams
81.3%
Cy Williams
81.2%
Ken Williams
81.2%
Roger Maris
81%
Willie Mays
79.9%
Willie Mays
79.9%
Willie Mays
79.9%
Willie Mays
79.9%
Lou Gehrig
79.4%
Lou Gehrig
79.4%
Lou Gehrig
79.4%
Lou Gehrig
79.4%
Lou Gehrig
79.4%
Lou Gehrig
79.4%
Luis Gonzalez
77.2%
Juan Gonzalez
77.2%
Ryan Howard
77%
Ryan Howard
77%
Frank Howard
76.7%
Player % Correct
Frank Howard
76.7%
Frank Howard
76.7%
David Ortiz
75.9%
Reggie Jackson
75.2%
Reggie Jackson
75.2%
Reggie Jackson
75.2%
Gorman Thomas
73.5%
Gorman Thomas
73.5%
Gorman Thomas
73.5%
Mike Schmidt
73.5%
Mike Schmidt
73.5%
Mike Schmidt
73.5%
Mike Schmidt
73.5%
Prince Fielder
73.3%
Cecil Fielder
73.3%
Jim Thome
72.6%
Jim Thome
72.6%
Jose Canseco
71.5%
Andruw Jones
69.6%
Brady Anderson
69.5%
Jimmie Foxx
69.5%
Jimmie Foxx
69.5%
Jimmie Foxx
69.5%
Jimmie Foxx
69.5%
Jimmie Foxx
69.5%
Jimmie Foxx
69.5%
Joe DiMaggio
68.5%
Joe DiMaggio
68.5%
Frank Robinson
68%
Albert Pujols
67.7%
Shawn Green
66.8%
Harmon Killebrew
65%
Harmon Killebrew
65%
Harmon Killebrew
65%
Harmon Killebrew
65%
Harmon Killebrew
65%
Harmon Killebrew
65%
Harmon Killebrew
65%
Harmon Killebrew
65%
Johnny Bench
62.5%
Johnny Bench
62.5%
Albert Belle
62.3%
Albert Belle
62.3%
Albert Belle
62.3%
George Bell
61.5%
Willie McCovey
60.4%
Willie McCovey
60.4%
Willie Stargell
59.5%
Willie Stargell
59.5%
Rafael Palmeiro
58.9%
Hank Greenberg
58.2%
Hank Greenberg
58.2%
Hank Greenberg
58.2%
Hank Greenberg
58.2%
Andre Dawson
57.7%
Davey Johnson
56.7%
Mel Ott
56.7%
Mel Ott
56.7%
Larry Walker
56.6%
Tillie Walker
56.5%
Ernie Banks
56.2%
Ernie Banks
56.2%
Ernie Banks
56.2%
Ernie Banks
56.2%
Carl Yastrzemski
55.8%
Player % Correct
Carl Yastrzemski
55.8%
Stan Musial
55.6%
Stan Musial
55.6%
George Foster
55.6%
George Foster
55.6%
Jim Rice
54.9%
Jim Rice
54.9%
Hack Wilson
53.7%
Hack Wilson
53.7%
Todd Helton
53.4%
Greg Vaughn
53.2%
Dave Kingman
50.5%
Dave Kingman
50.5%
Ralph Kiner
50%
Ralph Kiner
50%
Ralph Kiner
50%
Ralph Kiner
50%
Ralph Kiner
50%
Darryl Strawberry
49.9%
Darryl Strawberry
49.9%
Eric Davis
49.7%
Dale Murphy
49.2%
Dale Murphy
49.2%
Duke Snider
47.9%
Duke Snider
47.9%
Duke Snider
47.9%
Adrian Beltre
47.4%
Eddie Mathews
47.2%
Eddie Mathews
47.2%
Darrell Evans
45.7%
Darrell Evans
45.7%
Rogers Hornsby
44.8%
Rogers Hornsby
44.8%
Rogers Hornsby
44.8%
Dave Winfield
42.3%
Andres Galarraga
40.8%
Kevin Mitchell
39.7%
Tony Perez
37.2%
Johnny Mize
37.1%
Johnny Mize
37.1%
Johnny Mize
37.1%
Carlton Fisk
34.2%
Orlando Cepeda
33.7%
Ted Kluszewski
32.2%
Ted Kluszewski
32.2%
Gil Hodges
29.5%
Tony Armas
29.5%
Rocky Colavito
28.6%
Rocky Colavito
28.6%
Jesse Barfield
27.1%
Chuck Klein
26.7%
Chuck Klein
26.7%
Chuck Klein
26.7%
Walker Cooper
23.4%
Ben Oglivie
20.6%
Al Rosen
19.5%
Jim Gentile
18.8%
Jeff Burroughs
17.1%
Hal Trosky
13.6%
Roy Sievers
11.7%
Hank Sauer
11.3%
Vern Stephens
10.7%
Gus Zernial
9.2%
Wally Berger
7.5%
Willard Marshall
5.4%

You're not logged in!

Compare scores with friends on all Sporcle quizzes.
OR
Log In

You Might Also Like...

Show Comments

Extras

Top Quizzes Today


Score Distribution

Your Account Isn't Verified!

In order to create a playlist on Sporcle, you need to verify the email address you used during registration. Go to your Sporcle Settings to finish the process.

Report this User

Report this user for behavior that violates our Community Guidelines.

Details: